Jamie Foxx Charting Songs (Billboard Hot 100) - Statistics

General Stats
  • This quiz has been taken 16 times
  • The average score is 9 of 15
Answer Stats
Album Weeks On Peak Artist(s) Song % Correct
Late Registration 39 Weeks #1 (10 Weeks) Kanye West ft. Jamie Foxx Gold Digger
100%
Kamikaze / The College Dropout 22 Weeks #1 (1 Week) Twista ft. Kanye West & Jamie Foxx Slow Jamz
83%
Intuition 27 Weeks #2 Jamie Foxx ft. T-Pain Blame It
67%
Intuition 1 Week #92 Jamie Foxx ft. Drake, Kanye West + The-Dream Digital Girl
67%
Islah 1 Week #97 Kevin Gates ft. Trey Songz, Ty Dolla $ign & Jamie Foxx Jam
67%
Unpredictable 22 Weeks #8 Jamie Foxx ft. Ludacris Unpredictable
67%
Best Night of My Life 11 Weeks #28 Jamie Foxx ft. Justin Timberlake & T.I. Winner
67%
Light Poles and Pine Trees 9 Weeks #39 Ludacris & Field Mob ft. Jamie Foxx Georgia
58%
Definition of Real 12 Weeks #66 Plies ft. Jamie Foxx & The-Dream Please Excuse My Hands
58%
Intuition 20 Weeks #54 Ne-Yo ft. Jamie Foxx & Fabolous She Got Her Own
58%
Best Night of My Life 18 Weeks #50 Jamie Foxx ft. Drake Fall For Your Type
50%
Intuition 18 Weeks #49 Jamie Foxx ft. T.I. Just Like Me
42%
Unpredictable 14 Weeks #45 Jamie Foxx ft. Twista DJ Play a Love Song
33%
Hollywood: A Story of a Dozen Roses 2 Weeks #93 Jamie Foxx ft. Chris Brown You Changed Me
25%
Peep This 2 Weeks #92 Jamie Foxx Infatuation
17%
No matching quizzes found
Score Distribution
Percent of People with Each Score
Percentile by Number Answered
Your Score History
You have not taken this quiz